000 00622nam a2200193 a 4500
001 000043358
005 20201002040837.0
008 140311s1997 sp ac 000 0 spa d
020 _a8401530245
040 _aDO-SdBNP
_bspa
_cBNPHU
082 _axxx
_bxxx
100 1 _aBurns Marañón, Tom,
_d1948-
_971010
245 1 0 _aConversaciones sobre la derecha /
_cTom Burns Marañón.
260 _aBarcelona :
_bPlaza & Janés,
_c1997.
300 _a378 p. :
_bil., retrs. ;
_c23 cm.
490 1 _aAsí fue
_v21
500 _aIncluye referencias bibliográficas y notas al pie de las páginas
830 0 _aAsí fue ;
_n21
_971011
999 _c42847
_d42847